书目信息 |
| 书名: | Brewer's dictionary of phrase and fable | |
| 作者: | ||
| 分册号: | ||
| 分册名: | 出版地: | London : |
|
| 出版社: | Cassell | |
| 出版时间: | 1981. | |
| 页数: | xvi, 1213 p. ; | |
| 开本: | 23 cm. | |
| 丛书名: | ||
| 中图分类号: | ||
| 科图分类号: | ||
| 其他分类号: | H313.3-61 | |
| 主题词: | ||
| 电子资源: | ||
| 000 | 00962cam 2200313 a 4500 | |
| 001 | E0731353852 | |
| 005 | 20070302084317.70 | |
| 008 | 011225s1981 enk d 000 0 eng | |
| 010 | @a 83124550 | |
| 020 | @a0304307068. | |
| 035 | @a(DLC) 83124550 | |
| 040 | @aDLC@cDLC@dDLC | |
| 050 | 00 | @aPN43@b.B65 1981 |
| 082 | 00 | @a803 @2 19 |
| 090 | @aI-61/X1/1981 | |
| 090 | @aH313.3-61 | |
| 093 | @aI-61 @2 4 | |
| 099 | @dH313.3-61@ex21 | |
| 100 | 1 | @aBrewer, Ebenezer Cobham,@d1810-1897. |
| 240 | 10 | @aDictionary of phrase and fable |
| 245 | 10 | @aBrewer's dictionary of phrase and fable. |
| 250 | @aRev. ed. / :@bby Ivor H. Evans. | |
| 260 | @aLondon :@bCassell,@c1981. | |
| 300 | @axvi, 1213 p. ;@c23 cm. | |
| 650 | 0 | @aLiterature@xDictionaries. |
| 650 | 0 | @aEnglish language@xTerms and phrases. |
| 650 | 0 | @aMythology@xDictionaries. |
| 650 | 0 | @aAllusions in literature@xDictionaries. |
| 700 | 1 | @aEvans, Ivor H. |
| Brewer's dictionary of phrase and fable.-Rev. ed. / : : by Ivor H. Evans.-London : : Cassell, , 1981. |
| xvi, 1213 p. ; ; 23 cm. |
| ISBN 0304307068. |
| ● |
| 相关链接 |
|
|
|
|
正题名:Brewer's dictionary of phrase and fable
索取号:H313.3-61/x21
 
预约/预借
| 序号 | 登录号 | 条形码 | 馆藏地/架位号 | 状态 | 备注 |
| 1 | 182201 | 001299589 | 第二样本阅览室/ [索取号:H313.3-61/x21] | 在馆 | |
| 2 | 182202 | 001299598 | 第四借阅区/ [索取号:H313.3-61/x21] | 在馆 | |
| 3 | 182203 | 001299605 | 第四借阅区/ [索取号:H313.3-61/x21] | 在馆 |